El mexicano : psicología de su destructividad /

Estudio psicológico de algunos modos y formas de agresividad que se presentan con frecuencia en la sociedad mexicana. El autor enfatiza que su descripción abarca una parte de la realidad psico-social del país y que no de implicarse, a partir de ello, una caracterización o definición de los mexicanos...

Celý popis

Uloženo v:
Podrobná bibliografie
Hlavní autor: González Pineda, Francisco (autor)
Médium: Kniha
Jazyk:španělština
Vydáno: México : Pax : Asociación Psicoanalítica Mexicana, 1961, c1961
Edice:(Monografías Psicoanalíticas ; 7)
Témata:
Tagy: Přidat tag
Žádné tagy, Buďte první, kdo vytvoří štítek k tomuto záznamu!

MARC

LEADER 00000nam^a2200000^a^4500
001 000284921
005 20250521000000.0
009 20260310111721.348
037 |a Acervo Xavier Clavigero 
041 |a ESP 
082 |a 306. 40972  |b GON 
100 |a González Pineda, Francisco  |e (autor) 
245 1 3 |a El mexicano :  |b psicología de su destructividad /  |c F. González Pineda. 
264 4 |a México :  |b Pax :  |b Asociación Psicoanalítica Mexicana,  |c 1961, c1961 
300 |a 268 p. 
336 |a texto  |b txt  |2 rdacontenido 
337 |a sin mediación  |b n  |2 rdamedio 
338 |a volumen  |b nc  |2 rdasoporte 
440 1 |a (Monografías Psicoanalíticas ;  |v 7) 
520 |a Estudio psicológico de algunos modos y formas de agresividad que se presentan con frecuencia en la sociedad mexicana. El autor enfatiza que su descripción abarca una parte de la realidad psico-social del país y que no de implicarse, a partir de ello, una caracterización o definición de los mexicanos y lo mexicano como intrínsecamente o inherentemente agresivos. Francisco González Pineda, quien anteriormente publicara El mexicano: su dinámica psicosocial (1959), presenta una seriede factores que descomponen y destruyen a la sociedad nacional y concluye su exposición con los perfiles de tres tipos de agresores sociales paradigmáticos, a los que nombra como "el cacique", "el líder" y "el miembro del nuevo grupo financiero". 
561 |a Obra autografiada por el autor para Enrique Gutiérrez Martín del Campo 
649 |a XX 
650 |a Identidad Nacional -  |z México -  |x Aspectos Psicológicos -  |x Tema Principal 
650 |a Identidad Cultural -  |z México -  |x Aspectos Psicológicos 
650 |a Agresividad -  |z México -  |x Tema Principal 
650 |a Instintos 
650 |a Psicología Social 
910 |a Fondo General 
920 |a Impresos - Libros 
930 |a Colección General 
905 |a 101 
901 |a 013471  |b IT1  |c ACC  |u 20250521 
902 |a https://opac.biblio.iteso.mx/vufind/Record/000284921